000 00932nam0a2200289 4500
001 RU\NLR\BIBL_A\011969820
005 20190408164431.0
010 _a978-5-17-065678-3
021 _aRU
_bКН-П-19-013738
_9КН-П-19-1024
035 _a(NLR Aleph) 011969820
035 _a(RuMoRGB)009905268
090 _a11250226
_c11250226
100 _a20190325d2019 e y0rusy50 ca
101 1 _arus
_ceng
102 _aRU
105 _ay z 000ay
200 1 _aНоволуние
_e[роман]
_fСтефани Майер
_g[пер. с англ. А. Ахмеровой]
210 _aМосква
_cАСТ
_d2019
215 _a543 с.
_d21
333 _a16+
686 1 _aШ6(7США)67-445{Лх1979-62}
700 1 _aМайер
_bС.
_f1973-
_gСтефани
_964784
_3RU\NLR\AUTH\7781856
942 _cBOOK
980 _aNBR
980 _aNB